Animal By Breed - Statistics

General Stats
  • This quiz has been taken 21 times
  • The average score is 9 of 15
Answer Stats
Hint Answer % Correct
Burmese Cat
100%
Shih Tzu Dog
100%
Andean Condor Vulture
89%
Arabian Horse
84%
Blue Whale
84%
Saltwater Crocodile
74%
Emperor Penguin
74%
Chinese Geese Bird
58%
Lemon Migrant Butterfly
42%
Peruvian Pelican
42%
Chilean Flamingo
37%
White Footed Mouse
37%
Long Necked Turtle
32%
Ryukin Fish
26%
Herring Seagull
26%
No matching quizzes found
Score Distribution
Percent of People with Each Score
Percentile by Number Answered
Your Score History
You have not taken this quiz